Score 0/28 Timer 06:00
1 Play Today
% Correct
Michael
95.8%
Buffy
93.7%
Jermaine
92.6%
Curly
91.2%
Moe
90.7%
Bruce
90.3%
Larry
89.8%
Tito
89.8%
Clark
89%
Danny
83%
Marlon
81.8%
Ray
78.4%
Diana
77.7%
Jackie
77.6%
% Correct
Elwood
77.6%
Shirley
77.3%
Laurie
76%
Peter
74.5%
Keith
74.5%
Barry
73%
Egon
72.7%
Jake
71.6%
Winston
68.7%
Tracy
67.1%
Arthur
66.6%
Chris
64.6%
Hal
64%
J'onn
59.5%
Remove Ads.
Support Sporcle.
Get the best of Sporcle when you Go Orange. This ad-free experience offers more features, more stats, and more fun while also helping to support Sporcle. Thank you for becoming a member.

You're not logged in!

Compare scores with friends on all Sporcle quizzes.
OR
Log In

Show Comments

Extras

Top Quizzes Today


Score Distribution

Your Account Isn't Verified!

In order to create a playlist on Sporcle, you need to verify the email address you used during registration. Go to your Sporcle Settings to finish the process.

Report this User

Report this user for behavior that violates our Community Guidelines.

Details: